| 000 | 00833nam a2200265 i 4500 | ||
|---|---|---|---|
| 001 | bg | ||
| 100 | 1 | _aWORSLEY, John C. | |
| 245 | 1 | 0 |
_aPostgreSQL : _bpraktyczny przewodnik / _cJohn C. Worsley, Joshua D. Drake ; [tł. Radosław Meryk]. |
| 246 |
_iTyt. oryg.: _a. |
||
| 260 |
_aGliwice : _b"Helion", _c2002. |
||
| 300 |
_a616 s. ; _c24 cm + _eCD ROM. |
||
| 500 | _aTyt. oryg.: Practical PostgreSQL". | ||
| 504 | _aIndeks. | ||
| 650 | 9 |
_aBaza danych _xbudowa i organizacja |
|
| 650 | 9 | _aPostgreSQL | |
| 655 | _aPodręczniki | ||
| 020 | _a8371977549 | ||
| 040 | _cBPK | ||
| 041 | 1 |
_apl _hen |
|
| 080 | _a004.65(07) | ||
| 920 | _a83-7197-754-9 | ||
| 942 | _cKS | ||
| 008 | s pl f |000 0 pol | ||
| 999 |
_c41937 _d41937 |
||
| 856 |
_uhttp://koha.tu.koszalin.pl/cgi-bin/koha/opac-detail.pl?biblionumber=41937 _yKatalog online BPK |
||